000 00298nam a22001337a 4500
008 181022b xxu||||| |||| 00| 0 eng d
020 _a9780072520422
041 _aeng
080 _a004
100 _a37
101 _aSHK
245 _aYour Unix The Ultimate Guide
_cDas.s
942 _2udc
_cBK
999 _c50351
_d50351